[Event "DEN-ch Kort 1-1"]
[Site "Svendborg"]
[Date "2019.04.13"]
[Round "1"]
[White "Grotnes, Nils Ragnar"]
[Black "Sonderskov, Per"]
[Result "1-0"]
[WhiteElo "2180"]
[BlackElo "1747"]
[PlyCount "65"]
[EventDate "2019.04.13"]
[EventType "swiss"]
[EventRounds "5"]
[EventCountry "DEN"]
[SourceTitle "EXT 2020"]
[Source "ChessBase"]
[SourceDate "2019.10.17"]
[SourceVersion "1"]
[SourceVersionDate "2019.10.17"]
[SourceQuality "1"]

1. d4 e6 2. c4 f5 3. g3 Nf6 4. Bg2 Be7 5. Nc3 0-0 6. Qb3 c6 7. Nf3 d5 8. 0-0 Ne4 9. Bf4 Nd7 10. Rad1 Ndf6 11. Ne5 Nd7 12. Nxe4 fxe4 13. cxd5 Nxe5 14. dxe5 exd5 15. Bxe4 Qc7 16. Bg2 g5 17. Bc1 Qxe5 18. e4 Bg4 19. Rd2 a5 20. exd5 Bb4 21. dxc6+ Be6 22. Qxe6+ Qxe6 23. Bd5 Bxd2 24. Bxe6+ Kg7 25. Bxd2 bxc6 26. Bxg5 Rab8 27. Be3 Kg6 28. b3 Rf6 29. Bc4 Ra8 30. Rd1 a4 31. Rd7 h6 32. Bd3+ Kh5 33. Rg7 1-0